[Event "Thessaloniki ESSTH HALK-ch U16 11th"]
[Site "Thessaloniki"]
[Date "2018.11.18"]
[Round "5.1"]
[White "Ioannou, Hrisovalantis"]
[Black "Mitsiou, Konstantinos"]
[Result "0-1"]
[WhiteElo "1086"]
[BlackElo "1289"]
[PlyCount "98"]
[EventDate "2018.11.03"]
[EventType "swiss"]
[EventRounds "6"]
[EventCountry "GRE"]
[SourceTitle "EXT 2024"]
[Source "ChessBase"]
[SourceDate "2023.10.10"]
[SourceVersion "1"]
[SourceVersionDate "2023.10.10"]
[SourceQuality "1"]

1. e4 c5 2. Nc3 d6 3. d4 Nf6 4. d5 g6 5. Nf3 Bg7 6. Bc4 Nbd7 7. Bb5 a6 8. Bd3 Ng4 9. Bd2 b5 10. h3 Nge5 11. Nxe5 Nxe5 12. Be2 b4 13. Nb1 0-0 14. 0-0 Nf3+ 15. Bxf3 Bxb2 16. Bh6 Bxa1 17. Bxf8 Qxf8 18. Nd2 Bf6 19. Nc4 a5 20. Nb6 Rb8 21. Na4 Bd7 22. c3 Qe8 23. Nb2 bxc3 24. Nd3 Ba4 25. Qc1 c2 26. Qd2 c4 27. e5 dxe5 28. Nc5 Qb5 29. Nxa4 Qxa4 30. Be4 Rb2 31. Rc1 Qxa2 32. Bxc2 c3 33. Qxc3 Bg5 34. Qc8+ Kg7 35. Rd1 Rxc2 36. Qg4 Bf6 37. Qf3 a4 38. Rd3 Qa1+ 39. Kh2 e4 40. Qxe4 Qe5+ 41. Qxe5 Bxe5+ 42. g3 Rxf2+ 43. Kg1 Ra2 44. Re3 Bd4 45. Kf1 Bxe3 46. Ke1 a3 47. Kd1 Rh2 48. Ke1 a2 49. Kd1 a1Q# 0-1